Statistics for 30 Biggest U.S States by Population Quiz

Click here to take the quiz!

General Stats

  • This quiz has been taken 242 times
  • The average score is 25 of 30

Answer Stats

LetterNumberPopulationAnswer% Correct
C1.38,000,000California
100%
T2.26,960,000Texas
100%
F3.19,890,000Florida
99%
N4.19,750,000New York
98%
I5.12,880,000Illinois
96%
O7.11,590,000Ohio
92%
G8.10,100,000Georgia
92%
P6.12,790,000Pennsylvania
91%
N9.9,944,000North Carolina
90%
V12.8,328,000Virginia
90%
W13.7,062,000Washington
88%
M10.9,910,000Michigan
86%
S24.4,832,000South Carolina
85%
I16.6,597,000Indiana
84%
A15.6,731,000Arizona
84%
T17.6,549,000Tennessee
83%
A23.4,849,000Alabama
82%
N11.8,938,000New Jersey
82%
K26.4,413,000Kentucky
82%
O27.3,970,000Oregon
82%
L25.4,650,000Louisiana
81%
C22.5,356,000Colorado
80%
W20.5,758,000Wisconsin
78%
I30.3,107,000Iowa
76%
M18.6,064,000Missouri
75%
O28.3,876,000Oklahoma
75%
M21.5,457,000Minnesota
74%
M14.6,745,000Massachusetts
73%
M19.5,976,000Maryland
73%
C29.3,597,000Connecticut
72%

Score Distribution

Percentile by Number Answered

Percent of People with Each Score

Your Score History

You have not taken this quiz